Scènes de Star Wars I, La menace fantôme dans le désordre - Statistiques

Statistiques générales
  • Ce quiz a été pris 440 fois
  • Le résultat moyen est 4 sur 15
Statistiques - réponses
Hint Réponse % Correct
Star Wars, épisode I : La Menace fantôme
72%
Star Wars, épisode I : La Menace fantôme
64%
Star Wars, épisode I : La Menace fantôme
48%
Star Wars, épisode I : La Menace fantôme
33%
Star Wars, épisode I : La Menace fantôme
30%
Star Wars, épisode I : La Menace fantôme
29%
Star Wars, épisode I : La Menace fantôme
28%
Star Wars, épisode I : La Menace fantôme
25%
Star Wars, épisode I : La Menace fantôme
17%
Star Wars, épisode I : La Menace fantôme
17%
Star Wars, épisode I : La Menace fantôme
17%
Star Wars, épisode I : La Menace fantôme
16%
Star Wars, épisode I : La Menace fantôme
15%
Star Wars, épisode I : La Menace fantôme
14%
Star Wars, épisode I : La Menace fantôme
12%
Aucun quiz correspondant
Distribution des résultats
% des personnes avec chaque résultat
Percentile par nombre de réponses
Votre historique - résultats
Vous n’avez pas pris ce quiz